000 01127nam a2200217 i 4500
001 168032
003 ES-MaACL
005 20260201063019.0
008 021220m18691878fr |||| | fre d
040 _aCCPB | B
_bspa
_cCCPB | B
100 1 _aWurtz, Adolphe,
_d1817-1884
_9159349
245 1 0 _aDictionnaire de chimie pure et appliquée
_b: comprenant la chimie organique et inorganique... /
_cpar Ad. Wurtz ; avec la collaboration de J. Bouis... [et al.].
260 _aParis :
_blibrairie Hachette et C\pie\s,
_c1869-1878 (
_fQuantin imprimeur)
300 _a3 v. ;
_c25 cm.
500 _aT. I. Première partie 1869 -- T. I. Seconde partie 1870 -- T. II. Première partie 1873 -- T. II. Seconde partie 1876 -- T. III. 1878.
505 8 _aContiene: T.I.: première partie: A-B, XCIV, 687 p. --T.I.: deuxième partie: C-G, 688-1659 p. -- T.II.: première partie: H-P, 920 p. -- T.II.: deuxième partie: P-S, 921-1696 p. --T.III.: S-Z, 794 p.
650 0 4 _aQuímica-
_vDiccionarios.
_916626
700 1 _aBouis, J.
_9126111
852 _aES-MaACL
_jB-5242-46
_z-- Enc. pasta española
999 _c168032
_d168032